Patrimonio Cultural Universal de la UNESCO en la Republica Checa (Record no. 137453)
[ view plain ]
| 000 -LEADER | |
|---|---|
| fixed length control field | nam a22 7a 4500 |
| 005 - DATE AND TIME OF LATEST TRANSACTION | |
| control field | 20171020092411.0 |
| 008 - FIXED-LENGTH DATA ELEMENTS--GENERAL INFORMATION | |
| fixed length control field | 171020b cze||||| |||| 00| 0 spa d |
| 020 ## - INTERNATIONAL STANDARD BOOK NUMBER | |
| International Standard Book Number | 8086012158 |
| 050 04 - LIBRARY OF CONGRESS CALL NUMBER | |
| Classification number | DB2015 |
| Item number | P38 1998 |
| 245 00 - TITLE STATEMENT | |
| Title | Patrimonio Cultural Universal de la UNESCO en la Republica Checa |
| Statement of responsibility, etc | / Introducción de Michal Benes |
| 250 ## - EDITION STATEMENT | |
| Edition statement | 1a ed. |
| 260 ## - PUBLICATION, DISTRIBUTION, ETC. (IMPRINT) | |
| Place of publication, distribution, etc | Checoslovaquia : |
| Name of publisher, distributor, etc | Vydavatelstvi, |
| Date of publication, distribution, etc | 1998 |
| 300 ## - PHYSICAL DESCRIPTION | |
| Extent | 79 p : |
| Other physical details | il ; |
| Dimensions | 22 cm. |
| 504 ## - BIBLIOGRAPHY, ETC. NOTE | |
| Bibliography, etc | Incluye índice |
| 610 2# - SUBJECT ADDED ENTRY--CORPORATE NAME | |
| Corporate name or jurisdiction name as entry element | UNESCO (Organización de las Naciones Unidas para la Educación, la Ciencia y la Cultura). |
| 650 #7 - SUBJECT ADDED ENTRY--TOPICAL TERM | |
| Source of heading or term | Lemb |
| Topical term or geographic name as entry element | Monumentos Históricos |
| Geographic subdivision | Checoslovaquia |
| 651 #4 - SUBJECT ADDED ENTRY--GEOGRAPHIC NAME | |
| Geographic name | Checoslovaquia |
| General subdivision | Ciudades y Pueblos |
| -- | Historia |
| 700 1# - ADDED ENTRY--PERSONAL NAME | |
| Personal name | Benes, Michal., |
| Relator term | Introducción |
| 942 ## - ADDED ENTRY ELEMENTS (KOHA) | |
| Source of classification or shelving scheme | Biblioteca del Cogreso de los Estados Unidos |
| Koha item type | Libro |
| Estado de pérdida | Fuente de clasificación | Estado del daño | No para préstamo | Ubicación permanente | Ubicación actual | Apartado o colección | Fecha de adquisición | Edición | Área del conocimiento | Clasificación | Código de Barras | Date last seen | Número de copia | Tipo de recurso |
|---|---|---|---|---|---|---|---|---|---|---|---|---|---|---|
| Biblioteca del Cogreso de los Estados Unidos | Biblioteca de la Facultad de Arquitectura | Biblioteca de la Facultad de Arquitectura | General | 20/10/2017 | 1a. | Educación y Humanidades | DB2015 P38 1998 | BFA000002842 | 20/10/2017 | C : 1 | Libro |